|
|
|
|
| LEADER |
00627nam a2200181 i 4500 |
| 001 |
c000087045 |
| 003 |
CARM |
| 005 |
00000000000000.0 |
| 008 |
920729s1968 enk 0001 eng d |
| 019 |
1 |
|
|a 9507169
|5 LACONCORD2021
|
| 035 |
|
|
|a (OCoLC)15289085
|5 LACONCORD2021
|
| 100 |
1 |
|
|a Peters, Ludovic.
|
| 245 |
1 |
0 |
|a Double-take.
|
| 260 |
|
|
|a London :
|b Hodder & Stoughton,
|c 1968.
|
| 300 |
|
|
|a 1 v.
|
| 852 |
8 |
|
|b CARM
|h A2:AB04B0
|i B02856
|p 0131776
|f BK
|
| 999 |
f |
f |
|i 608bcc91-8d88-54a1-8438-7279ec7842c8
|s 82b55043-4258-50ee-a694-6d6850b55a2c
|
| 952 |
f |
f |
|p Can circulate
|a CAVAL
|b CAVAL
|c CAVAL
|d CARM 1 Store
|e B02856
|f A2:AB04B0
|h Other scheme
|i book
|m 0131776
|